| 000 | 01435cam a22003374a 4500 | ||
|---|---|---|---|
| 005 | 20260322212037.0 | ||
| 008 | data | ||
| 010 | _a 2007044289 | ||
| 020 | _a9781600610233 (pbk. : alk. paper) | ||
| 020 | _a1600610234 | ||
| 040 |
_aDLC _cDLC _dDLC |
||
| 050 | 0 | 0 |
_aN8217.F28 _bC48 2008 |
| 082 | 0 | 0 |
_a700/.415 _222 |
| 092 | _a700.415 C48 2008 | ||
| 100 | 1 | _aChiang, Doug. | |
| 245 | 1 | 0 |
_aMechanika : _bcreating the art of science fiction with Doug Chiang / _cDoug Chiang. |
| 250 | _a1st ed. | ||
| 260 |
_aCincinnati, Ohio : _bImpact Books, _cc2008. |
||
| 300 |
_a144 p. : _bill. (chiefly col.) ; _c28 cm. |
||
| 500 | _aIncludes index. | ||
| 505 | 0 | _aThe challenge of science fiction -- Preliminary basics: my toolkit -- Markers and paper -- Foundation lines -- Sketching basics -- About digital painting -- What you need for good designs -- Conclusion. | |
| 650 | 0 | _aFantasy in art. | |
| 650 | 0 | _aScience fiction in art. | |
| 650 | 0 |
_aDrawing _xTechnique. |
|
| 650 | 0 |
_aPainting _xTechnique. |
|
| 856 | 4 | 1 |
_3Table of contents only _uhttp://www.loc.gov/catdir/toc/ecip083/2007044289.html |
| 906 |
_a7 _bcbc _corignew _d1 _eecip _f20 _gy-gencatlg |
||
| 925 | 0 |
_aacquire _b2 shelf copies _xpolicy default |
|
| 955 |
_ejk22 2007-10-25 to Dewey _fjx12 2008-09-29 CIP ver. _gjx12 2008-09-29 to BCCD |
||
| 001 | data | ||
| 999 |
_c863 _d863 |
||